[Event "Mitropa Cup 21st"]
[Site "Leipzig"]
[Date "2002.05.06"]
[Round "4.1"]
[White "Balinov, Ilia"]
[Black "Beliavsky, Alexander G"]
[Result "0-1"]
[WhiteElo "2460"]
[BlackElo "2660"]
[Annotator "Hecht,H"]
[PlyCount "110"]
[EventDate "2002.05.03"]
[EventType "team-tourn"]
[EventRounds "9"]
[EventCountry "GER"]
[SourceTitle "CBM 089"]
[Source "ChessBase"]
[SourceDate "2002.08.12"]
[SourceVersion "1"]
[SourceVersionDate "2002.08.12"]
[SourceQuality "1"]
[WhiteTeam "Austria"]
[BlackTeam "Slovenia"]
[WhiteTeamCountry "AUT"]
[BlackTeamCountry "SLO"]

1. Nf3 Nf6 2. d4 e6 3. c4 Bb4+ 4. Bd2 Qe7 5. g3 Nc6 6. e3 Bxd2+ 7. Nfxd2 O-O 8.
Bg2 e5 9. d5 Nb8 10. Nc3 a5 11. O-O Na6 12. a3 d6 13. Qc2 Bd7 14. Rab1 c6 15.
b4 axb4 16. axb4 c5 17. bxc5 Nxc5 18. Nb3 Ba4 19. Nxa4 Nxa4 20. Bh3 Ra6 21. Ra1
Rfa8 22. Rfb1 Qc7 23. Ra2 Nb6 24. Rxa6 bxa6 25. Nd2 a5 26. Qb3 Nbd7 27. Bxd7
Nxd7 28. Qb7 Qxb7 29. Rxb7 Nc5 30. Rb6 a4 31. Nb1 Kf8 32. Na3 Ke7 33. Kf1 h5
34. f3 g5 35. Ke2 g4 36. Kf2 Nd7 37. Rb7 Rb8 38. Rxb8 Nxb8 {Entfernter
schwarzer Freibauer und bessere schwarze Bauernstruktur.} 39. Ke2 ({Eine
Alternative war} 39. e4 Nd7 40. Ke3 Nc5 41. f4 exf4+ 42. Kxf4 (42. gxf4 $6 {
ermöglicht einen weiteren entfernten Freibauern} h4 43. e5 Nd3 ({oder} 43...
Ne4 44. Kxe4 h3 45. exd6+ Kd8 46. Z0 g3 $19) 44. Kxd3 $140 g3 45. hxg3 h3 $19)
42... Kf6 {bleibt problematisch wegen der weißen Bauernschwächen, der
Felderschwäche e5 und dem entfernten a-Freibauern.}) 39... Na6 40. fxg4 hxg4
41. Kd2 Nc5 42. Kc3 Ne4+ 43. Kb4 Nd2 44. Kxa4 Nf1 {Der gefährliche a-Bauer ist
beseitigt, dafür geht der Königsflügel über Bord.} 45. Nc2 $2 (45. Kb5 $142 $1
Nxe3 (45... Kd7 46. c5 Nxe3 47. Nc4 $1 $11) (45... Nxh2 $6 46. c5 $1) 46. Kc6
$132) 45... Nxh2 {Ist möglich, weil das aktive c5 samt Sc4 entfällt.} 46. c5
Nf1 47. Kb5 Nxg3 48. c6 Ne4 49. Kc4 (49. Kb6 $142 {mit Bindung der schwarzen
Steine an den c-Bauern}) 49... f5 50. Ne1 f4 51. exf4 exf4 52. Kd4 f3 53. Nd3
f2 54. Nxf2 Nxf2 55. Ke3 g3 0-1

[Event "GER-ch 73th"]
[Site "Altenkirchen"]
[Date "2001.12.03"]
[Round "4"]
[White "Berezovsky, Igor"]
[Black "Naiditsch, Arkadij"]
[Result "1/2-1/2"]
[WhiteElo "2432"]
[BlackElo "2524"]
[Annotator "Hecht,H"]
[PlyCount "122"]
[EventDate "2001.11.30"]
[EventType "swiss"]
[EventRounds "9"]
[EventCountry "GER"]
[SourceTitle "CBM 087"]
[Source "ChessBase"]
[SourceDate "2002.03.21"]
[SourceVersion "1"]
[SourceVersionDate "2002.03.21"]
[SourceQuality "1"]

1. d4 Nf6 2. c4 e6 3. Nf3 Bb4+ 4. Bd2 Qe7 5. g3 Nc6 6. Nc3 Bxc3 7. Bxc3 Ne4 8.
Rc1 d6 9. d5 Nxc3 10. Rxc3 Nb8 11. dxe6 fxe6 12. Bg2 O-O 13. O-O a5 14. c5 d5
15. Ne5 Nc6 16. Nxc6 bxc6 17. e4 Ba6 18. Re1 Rad8 19. exd5 cxd5 20. Qd4 Qf6 21.
Qxf6 Rxf6 22. Ra3 e5 23. Rxa5 e4 24. Rd1 Bd3 25. Rd2 d4 26. f3 exf3 27. Rxd3
fxg2 28. Ra4 Re8 29. Rd2 d3 30. Kxg2 Rf5 31. Rd4 Rxc5 32. R4xd3 Re7 33. Rd8+
Kf7 34. R8d7 Rxd7 35. Rxd7+ Kf6 36. Rd2 Rc1 37. Re2 h5 38. Kf3 Kf5 39. Ke3 Kg4
40. Kd2 Ra1 41. a3 g5 42. Re1 Rxe1 43. Kxe1 {[#] Tempospiel und Übergang ins
Damen endspiel} Kh3 44. a4 Kxh2 45. a5 h4 46. gxh4 (46. g4 Kg1 $8 47. a6 h3 48.
a7 h2 49. a8=Q h1=Q {ist nur für Schwarz gut, denn} 50. Qxh1+ Kxh1 $19) 46...
g4 $8 47. a6 g3 48. a7 g2 49. a8=Q g1=Q+ 50. Ke2 Qd4 $11 51. Qb7 c5 52. h5 Qe5+
53. Kf2 Qg3+ 54. Ke2 Qe5+ 55. Kd3 Qxh5 56. Qe4 Qh8 57. b3 Qb8 58. Kc3 Qb6 59.
Qe2+ Kh3 60. Qe3+ Kg4 61. Qe4+ Kg5 1/2-1/2

[Event "EU-Cup 13th Group3"]
[Site "Slough"]
[Date "1997.09.24"]
[Round "3"]
[White "Stanec, Nikolaus"]
[Black "Kosten, Anthony C"]
[Result "0-1"]
[WhiteElo "2465"]
[BlackElo "2530"]
[Annotator "Hecht,H"]
[PlyCount "212"]
[EventDate "1997.09.22"]
[EventType "team-k.o."]
[EventRounds "3"]
[EventCountry "ENG"]
[SourceTitle "EXT 2020"]
[Source "ChessBase"]
[SourceDate "2019.10.17"]
[SourceVersion "1"]
[SourceVersionDate "2019.10.17"]
[SourceQuality "1"]
[WhiteTeam "Graz Merkur Versicherung"]
[BlackTeam "Slough Chess Club"]
[WhiteTeamCountry "AUT"]
[BlackTeamCountry "ENG"]

1. d4 Nf6 2. c4 e6 3. Nf3 Bb4+ 4. Bd2 Qe7 5. g3 Nc6 6. Bg2 Bxd2+ 7. Qxd2 Ne4 8.
Qc2 Qb4+ 9. Nc3 Nxc3 10. Qxc3 Qxc3+ 11. bxc3 Na5 12. Nd2 Rb8 13. c5 b6 14. Nb3
Ba6 15. Bf3 Ke7 16. O-O Nb7 17. Rfb1 d5 18. e4 Bd3 19. Re1 dxe4 20. Bxe4 Bxe4
21. Rxe4 Rhd8 22. Rae1 a5 23. Re5 a4 24. cxb6 cxb6 25. Nd2 Rbc8 26. R1e3 Rc6
27. Rb5 Nd6 28. Rb4 Rdc8 29. Rxa4 Rxc3 30. Rxc3 Rxc3 31. Ra7+ Kd8 32. Kg2 Rc7
33. Ra6 Rc2 34. Ra8+ Kc7 35. Nf3 Kb7 36. Rd8 Ne4 37. Rd7+ Rc7 38. Rd8 Nc3 39.
a3 Nb5 40. d5 exd5 41. Rxd5 Nxa3 42. Nd4 Ka6 43. Kf3 b5 44. Ke4 Ka5 45. Kd3 Ka4
46. Rd8 Nc4 47. Rb8 Ne5+ 48. Ke4 Nc6 49. Ra8+ Kb4 50. Nf5 g6 51. Ne3 Rd7 52.
Nd5+ Kb3 53. Nf6 Re7+ 54. Kd5 Nb4+ 55. Kd4 h5 56. Ne4 Nc2+ 57. Kd5 Nb4+ 58. Kd4
Rd7+ 59. Ke5 Nd3+ 60. Kf6 b4 61. f4 h4 62. Ng5 hxg3 63. hxg3 Rc7 64. Nxf7 Rc6+
65. Kg7 Kc2 66. Rb8 b3 67. Ne5 Nxe5 68. fxe5 {# Das Endspiel sollte in den Typ
g-Bauer gegen Turm m�nden und remis sein. Doch Wei� ist einen Augenblick
lang unaufmerksam und schon stellt sich der Verlust ein.} Re6 69. g4 $2 (69.
Kf7 Rxe5 70. Kxg6 b2 (70... Re3 71. g4 b2 72. Rxb2+ Kxb2 73. g5 Kc3 74. Kf7
Rf3+ 75. Ke6 Rg3 76. Kf6 $10) 71. g4 Re1 72. g5 b1=Q 73. Rxb1 Rxb1 74. Kf6 Rf1+
75. Ke6 Rg1 76. Kf6 Kd3 77. g6 Ke4 78. g7 $10) 69... g5 $1 70. Rb5 b2 71. Rc5+
Kd3 72. Rb5 Kc3 73. Kf7 Rxe5 74. Rxe5 b1=Q 75. Rxg5 {Da Turm, K�nig und
Bauer nicht so zusammenwirken k�nnen, da� der schwarze K�nig
abgeschnitten bleibt, ist dieses Endspiel langfristig verloren. Es dauert halt
eine ganze Weile, ehe Schwarz zur Kasse kommt. Fragen Sie doch mal die
Endspiel-CD, wie es vielleicht schneller oder besser zu machen war! Beachten
Sie bitte den dunklen Punkt ganz am Ende!} Kd4 76. Rg6 Ke5 77. Kg7 Kf4 78. Kf6
Qb7 79. Ke6 Qh7 80. Kf6 Qh8+ 81. Kf7 Qh7+ 82. Kf6 Qd7 83. Rg7 Qd8+ 84. Kf7 Ke5
85. Rg6 Qd7+ 86. Kg8 Qe7 87. Kh8 Qf7 88. Rg7 Qe8+ 89. Rg8 Qe7 90. Rg6 Qf7 91.
Rg7 Qf6 92. Kh7 Qh4+ 93. Kg8 Kf6 94. Rf7+ Ke6 95. Rg7 Qh6 96. Rh7 Qd2 97. Rg7
Qd3 98. Kh8 Kf6 99. Kg8 Qd8+ 100. Kh7 Qe8 101. g5+ Kf5 102. g6 Kf6 103. Rg8 (
103. Rf7+ Kg5 104. Rg7 (104. Kg7 Qe5+ (104... Qe6 105. Kf8 Kxg6 $2 106. Rg7+
Kh6 107. Rh7+ Kg6 108. Rg7+ Kf6 109. Rg6+ $10) 105. Kh7 Qe4 106. Rg7 Qh4+ 107.
Kg8 Kf6 $19) 104... Qe6 105. Rg8 (105. Kh8 Qh3+ 106. Rh7 Qc8+ 107. Kg7 Qf5 $19)
105... Qh3+ 106. Kg7 Qd7+ 107. Kh8 Kh6 $19) 103... Qe4 104. Rg7 Qd3 105. Kh8
Qh3+ 106. Kg8 Qh2 $1 $19 {According to Endgame-CD} (106... Qh6 $2 107. Rf7+ Ke6
(107... Kxg6 108. Rf6+ Kxf6 {patt}) (107... Kg5 108. Rh7 Qxg6+ 109. Rg7 $10)
108. g7 $13 (108. Rg7 Qh5 $19)) 0-1

[Event "RUS-ch"]
[Site "Elista"]
[Date "1995.??.??"]
[Round "4"]
[White "Zakharevich, Igor"]
[Black "Makarov, Marat"]
[Result "1/2-1/2"]
[WhiteElo "2430"]
[BlackElo "2520"]
[Annotator "Hecht,H"]
[PlyCount "114"]
[EventDate "1995.10.??"]
[EventType "swiss"]
[EventRounds "11"]
[EventCountry "RUS"]
[SourceTitle "CBM 050"]
[Source "ChessBase"]
[SourceDate "1996.02.01"]
[SourceVersion "1"]
[SourceVersionDate "1996.02.01"]
[SourceQuality "1"]

1. d4 Nf6 2. c4 e6 3. Nf3 Bb4+ 4. Bd2 Qe7 5. g3 Nc6 6. Nc3 Bxc3 7. Bxc3 Ne4 8.
Rc1 O-O 9. Bg2 d6 10. d5 Nd8 11. dxe6 Nxe6 12. Bb4 Re8 13. O-O Qf6 14. Ba3 a5
15. b3 N6g5 16. Nxg5 Nxg5 17. Qd2 Bh3 18. Bxh3 Nxh3+ 19. Kg2 Ng5 20. Bb2 Qg6
21. f3 Re7 22. e4 Rxe4 23. Rf2 Ree8 24. c5 dxc5 25. Rxc5 Ne6 26. Rc4 h5 27. f4
Qf5 28. Be5 Red8 29. Qe2 c5 30. h3 Nd4 31. g4 hxg4 32. Qxg4 Qxg4+ 33. hxg4 Rd5
34. Bxd4 cxd4 35. Rd2 Rad8 36. a4 b5 37. axb5 Rxb5 38. Rcxd4 Rxd4 39. Rxd4 {
T-T Motive: sT vor a-Freibauer; sK kann nicht aktiviert werden ===> remis} Rxb3
40. Rd8+ Kh7 41. Ra8 Ra3 42. Ra7 f6 43. Kf2 a4 44. Kg2 Ra1 45. Kh2 a3 46. f5
Kh6 47. Kg3 Rg1+ 48. Kf3 Rf1+ 49. Kg3 Ra1 50. Kf3 g6 51. fxg6 Kxg6 52. Ra5 Kf7
53. Ra6 Ke7 54. Kg2 a2 55. Kh2 Kd7 56. Kg2 Kc7 57. g5 fxg5 1/2-1/2

[Event "ARG-ch"]
[Site "Buenos Aires"]
[Date "1998.04.21"]
[Round "6"]
[White "Slipak, Sergio"]
[Black "Giaccio, Alfredo Gustavo"]
[Result "1-0"]
[WhiteElo "2510"]
[BlackElo "2460"]
[Annotator "Hecht,H"]
[PlyCount "107"]
[EventDate "1998.04.15"]
[EventType "tourn"]
[EventRounds "15"]
[EventCountry "ARG"]
[EventCategory "9"]
[SourceTitle "CBM 065"]
[Source "ChessBase"]
[SourceDate "1998.08.06"]
[SourceVersion "1"]
[SourceVersionDate "1998.08.06"]
[SourceQuality "1"]

1. d4 Nf6 2. c4 e6 3. Nf3 Bb4+ 4. Bd2 a5 5. Nc3 O-O 6. e3 d6 7. Qc2 Qe7 8. a3
Bxc3 9. Bxc3 Nbd7 10. Be2 b6 11. O-O Bb7 12. Nd2 e5 13. d5 Ne8 14. b4 axb4 15.
axb4 Nef6 16. e4 Rxa1 17. Rxa1 Ra8 18. Rxa8+ Bxa8 19. Qa4 Qd8 20. Qa7 Qb8 21.
Qxb8+ Nxb8 22. c5 bxc5 23. bxc5 c6 24. dxc6 Bxc6 25. cxd6 Nxe4 26. Nxe4 Bxe4
27. Bb5 Bf5 28. Bxe5 Bd7 29. Bd3 Bc6 30. f3 Nd7 31. Bd4 f6 32. Kf2 Kf7 33. Bc4+
Ke8 34. Ke3 Nf8 35. Bc5 Kd7 36. Ba3 Ne6 37. Bd3 h6 38. h4 Ke8 39. h5 Bd7 40.
Be4 Kd8 41. Bb4 Ke8 42. Bg6+ Kf8 43. Ba3 Kg8 44. g3 Kf8 45. Kd3 Kg8 46. Kc4 Nf8
47. g4 Nxg6 48. hxg6 {[#] Special features: A big white advantage in space,
more active white king; pawns on the color of the enemy bishop; tactics.
White's general plan: White king to c7 and bishop sacrifice on f6 with the
formation of two isolated passed pawns on d6 and g7, which leads to the
overloading of the defender. [#] Besondere Merkmale: Starker weißer
Raumvorteil, aktiver weißer König; Bauern auf der Farbe des gegnerischen
Läufers; Taktik.  Weißer Generalplan:  Weißer König nach c7 und Läuferopfer
auf f6 mit Bildung zweier Einzelfreibauern auf d6 und g7, was zur Überlastung
der schwarzen Verteidiger führt.} f5 (48... Kf8 49. Kd5 (49. f4 Ke8 (49... Bxg4
50. d7+ $18) (49... f5 50. gxf5 Ke8 (50... h5 51. Kd5 {see the game siehe
Partie}) 51. Kd5 $6 (51. f6 $5 gxf6 (51... Be6+ 52. Kc5 gxf6 53. Kc6 Kd8 54.
Bb2 f5 55. Bf6+ Kc8 56. g7 h5 57. d7+ Bxd7+ 58. Kd6 $18) 52. Bb2 f5 53. Kd5 Kf8
54. Bf6 h5 55. Kc5 Ke8 (55... h4 56. Bxh4 Kg7 57. Kb6 Kxg6 58. Kc7 $18) 56. g7
Be6 57. Kc6 $18) 51... Bxf5 52. Kc6 Kd8 $11 {[%cal Rf5e4,Rf5g6]}) 50. f5 Kd8
51. Bb2 Be8 52. Kd5 Kd7 53. Bd4 $22 $18) 49... Ke8 50. Bb2 Kf8 (50... Ba4 51.
Bxf6 gxf6 (51... Bb3+ 52. Kc6 gxf6 53. Kc7 Be6 54. g7 Kf7 55. d7 Bxd7 56. Kxd7
Kxg7 57. Ke6 Kg6 58. f4 $18) 52. Ke6 Bb3+ 53. Kxf6 Kd7 54. Kg7 Kxd6 55. f4 $18
{[%cal Rf4f5,Rf5f6,Rf6f7]}) 51. f4 {[%cal Rf4f5]} Bxg4 52. Kc6 h5 $132 {
[%cal Rh5h4]}) 49. gxf5 h5 (49... Bxf5 50. Kb5 Bd7+ 51. Kb6 Kf8 52. Kc7 Ke8 53.
Bb2 h5 54. Bxg7 h4 55. Be5 $18 {[%cal Rg6g7]}) 50. Kd5 h4 51. Bc1 Kf8 52. Ke5
Bc6 53. f6 h3 54. f7 (54. f7 h2 55. Bg5 h1=Q 56. Be7#) 1-0

[Event "Manila zt 3.2a playoff g25'/10"]
[Site "Manila"]
[Date "2001.04.24"]
[Round "1"]
[White "Dao, Thien Hai"]
[Black "Adianto, Utut"]
[Result "1-0"]
[WhiteElo "2564"]
[BlackElo "2589"]
[Annotator "Hecht,H"]
[PlyCount "133"]
[EventDate "2001.04.24"]
[EventType "match"]
[EventRounds "4"]
[EventCountry "PHI"]
[SourceTitle "CBM 083"]
[Source "ChessBase"]
[SourceDate "2001.07.05"]
[SourceVersion "1"]
[SourceVersionDate "2001.07.05"]
[SourceQuality "1"]

1. d4 Nf6 2. c4 e6 3. Nf3 Bb4+ 4. Bd2 Qe7 5. Nc3 Bxc3 6. Bxc3 d6 7. Qc2 Nbd7 8.
g4 Nxg4 9. Rg1 f5 10. d5 Nc5 11. h3 Nf6 12. Nd4 O-O 13. dxe6 Bxe6 14. Nxf5 Bxf5
15. Qxf5 Rf7 16. Qc2 Nfe4 17. Bd4 Raf8 18. O-O-O Nxf2 19. Rd2 Nce4 20. Bg2 Nxd2
21. Bd5 Kh8 22. Kxd2 Rf6 23. Bxb7 Nxh3 24. Rh1 Re6 25. Qd3 Qg5+ 26. Kc2 Rh6 27.
Rxh3 Rxh3 28. Qxh3 Qf4 29. Qd3 Re8 30. Bf3 Qg5 31. Bxa7 Qa5 32. Bd4 Qxa2 33.
Bc6 Re7 34. e3 Qa6 35. Bb5 Qc8 36. Bc6 Qf8 37. b4 Rf7 38. Kb3 Rf2 39. Qe4 Rf7
40. Qh4 Qe7 41. Qh1 Qg5 42. Be4 h5 43. Bd3 Kg8 44. Qe4 Re7 45. Qh7+ Kf8 46. Bg6
Qh6 47. Qxh6 gxh6 48. Bxh5 {[#] Totale Einschränkung der Beweglichkeit des
Turms durch das Läuferpaar und inaktiver schwarzer König erlauben den weißen
Gewinn.} Kg8 49. Ka4 (49. b5 $142 Kh7 50. Kb4 Kg8 51. c5 dxc5+ 52. Kxc5 Re6 53.
Kd5 Rd6+ 54. Ke5 {[%cal Rb5b6]} Kh7 (54... Rd7 55. Ke6 Rd8 56. Ke7 Rf8 57. Bg4
Rf7+ 58. Kd8 Kf8 59. Be6 $18) 55. b6 Rxb6 56. Bxb6 cxb6 57. Kf6 $18) 49... c5 {
(!)} 50. bxc5 dxc5 51. Bf6 (51. Bxc5 $2 Re5) 51... Rxe3 52. Kb5 Re6 53. Bc3 Re3
54. Bd2 Re5 55. Bf3 h5 56. Bd5+ Kf8 57. Kxc5 h4 58. Kd6 Rh5 (58... Re2 59. Bg5
h3 60. c5 h2 61. c6 Rc2 62. c7 Kg7 63. Bf4 Rd2 64. Bxh2 $18) 59. Bf4 h3 60. Bh2
Rf5 61. c5 Rf2 62. Bg3 Rd2 63. c6 h2 64. Bxh2 Rxh2 65. c7 Rc2 66. Bc6 Rd2+ 67.
Ke5 1-0

[Event "EU-ch 2nd"]
[Site "Ohrid"]
[Date "2001.06.01"]
[Round "1"]
[White "Konopka, Michal"]
[Black "Macieja, Bartlomiej"]
[Result "0-1"]
[WhiteElo "2507"]
[BlackElo "2608"]
[Annotator "Hecht,H"]
[PlyCount "104"]
[EventDate "2001.06.01"]
[EventType "swiss"]
[EventRounds "13"]
[EventCountry "YUG"]
[SourceTitle "CBM 084"]
[Source "ChessBase"]
[SourceDate "2001.09.13"]
[SourceVersion "1"]
[SourceVersionDate "2001.09.13"]
[SourceQuality "1"]

1. d4 Nf6 2. Nf3 e6 3. c4 Bb4+ 4. Bd2 Qe7 5. g3 Nc6 6. Nc3 Bxc3 7. Bxc3 Ne4 8.
Rc1 O-O 9. Bg2 d6 10. d5 Nd8 11. dxe6 Nxe6 12. O-O Bd7 13. e3 Nxc3 14. Rxc3 Bc6
15. Nd4 Bxg2 16. Kxg2 Rfe8 17. Nxe6 Qxe6 18. Qf3 b6 19. Rd1 Qe4 20. Qxe4 Rxe4
21. f3 Re5 22. g4 Rae8 23. e4 g6 24. Rd5 f5 25. Rxe5 Rxe5 26. exf5 Re2+ 27. Kg3
gxf5 28. b4 Rxa2 29. c5 dxc5 30. bxc5 b5 31. Rd3 fxg4 32. fxg4 b4 33. Rd8+ Kf7
34. Rd7+ Ke6 35. Rxh7 Ra3+ 36. Kh4 b3 37. Rxc7 a5 38. Rb7 a4 39. c6 Ra2 40. Rb4
Kd6 41. g5 Rxh2+ 42. Kg3 Rh1 43. Kg2 a3 44. Rxb3 a2 45. Rd3+ Ke5 46. Kxh1 a1=Q+
{[#] Keine zuverlässige Bindung zwischen weißem König und Turm zum Zwecke der
Unterstützung des g-Bauern. Optimale Angriffsposition des schwarzen Königs.}
47. Kg2 (47. Kh2 Qb2+ 48. Kh3 Qc1 49. Rg3 Qxc6 50. g6 Qh1+ 51. Kg4 Qd1+ 52. Kg5
Qd2+ 53. Kg4 Qe2+ 54. Kg5 Qf2 55. Kg4 Qf5+ 56. Kh4 Kf4 57. Rg1 Qf6+ 58. Kh3
Qh8+ 59. Kg2 Qb2+ 60. Kh3 (60. Kh1 Kf3 61. g7 Qf2 62. Rg4 Qe1+ 63. Kh2 Qe5+ 64.
Kg1 Qc5+ {und # in 5})) 47... Qc1 48. Rg3 Qxc6+ 49. Kh2 Qg6 $1 50. Kg2 Qe4+ 51.
Kh2 Qh4+ 52. Kg2 Kf4 {und Weiß bleibt nur noch das Endspiel Turm gegen Dame,
da der Bg5 verloren geht.} 0-1

[Event "New York op"]
[Site "New York"]
[Date "1998.03.21"]
[Round "8"]
[White "Lputian, Smbat G"]
[Black "Sulskis, Sarunas"]
[Result "1-0"]
[WhiteElo "2610"]
[BlackElo "2485"]
[Annotator "Hecht,H"]
[PlyCount "111"]
[EventDate "1998.03.16"]
[EventType "swiss"]
[EventRounds "9"]
[EventCountry "USA"]
[SourceTitle "CBM 064"]
[Source "ChessBase"]
[SourceDate "1998.06.02"]
[SourceVersion "1"]
[SourceVersionDate "1998.06.02"]
[SourceQuality "1"]

1. d4 Nf6 2. c4 e6 3. g3 Bb4+ 4. Bd2 Be7 5. Bg2 d5 6. Nf3 O-O 7. O-O c6 8. b3
b5 $6 (8... b6 {normal} 9. Bc3 Bb7 10. Nbd2 Nbd7 11. Ne5 c5 12. Rc1 cxd4 $146 (
12... Rc8 13. e3 Rc7 14. Qe2 Qa8 15. Nxd7 Rxd7 16. dxc5 bxc5 17. Bxf6 Bxf6 18.
cxd5 Bxd5 19. Bxd5 Qxd5 20. Rc2 Rfd8 21. Rfc1 Qf5 22. Kg2 h5 23. h4 Be7 24. Nc4
Qd5+ 25. Qf3 Bf8 26. Nb2 Qe5 27. Qe2 Qe4+ {0-1 Conquest,S-Chandler,M/Hastings
1986/CBM 04 (51)}) 13. Bxd4 Nxe5 14. Bxe5 Rc8 15. Qc2 Ba3 16. Bb2 {1/2-1/2
Huebner,R-Kramnik,V/Dortmund 1997/CBM 60/}) 9. c5 a5 10. Ne5 Nfd7 11. Nd3 e5 {
Der typische Gegenschlag im Zentrum, nachdem Weiß c4-c5 gespielt hat.} 12. dxe5
Na6 13. Be3 Ndxc5 14. Bxc5 Nxc5 15. Nd2 Qb6 16. Nxc5 Bxc5 17. Qc2 Bd7 18. Nf3
Be7 19. Rfd1 a4 20. Rac1 axb3 21. axb3 Ra6 22. e4 Rfa8 23. Qe2 Ra2 24. Rc2 Rxc2
25. Qxc2 Be6 26. Nd4 $1 Bg4 27. Bf3 Qxd4 (27... Bxf3 28. Nxf3 dxe4 29. Qxe4 Ra2
30. Nd4 c5 31. Nc6 Bf8 32. e6 {Dieses Abspiel fürchtete Schwarz} c4 (32... fxe6
33. Qxe6+ Kh8 34. Rd8 $18) 33. Qf3 fxe6 34. Rd8 Qc5 35. b4 $18) 28. Rxd4 Bxf3
29. Rd1 Rd8 30. Ra1 dxe4 31. Qxc6 b4 32. e6 fxe6 33. Qxe6+ Kf8 34. Qf5+ Kg8 35.
Ra8 Rxa8 36. Qd5+ Kf8 37. Qxa8+ Kf7 {[#] In view of the protected position of
the bishops and pawns, White can only win if he can succeed in traversing the
open route g1-f1-e1-d2-e3-d4/f4, and can then produce a mating attack with the
king and queen alone, based on the offside position of the bishop on f3. [#]
Bei der gedeckten Stellung seiner Läufer und Bauern kann Weiß nur gewinnen,
wenn er mit seinem König über die Route g1-f1-e1-d2-e3-d4/f4 ins Freie gelangt
und gestützt auf die Abseitsstellung des Lf3 einen Mattangriff allein mit Dame
+ König inszenieren kann.} 38. Qd5+ Kf6 39. Qc6+ Kf7 40. Qd5+ Kf6 41. Qd4+ Kf7
42. h3 h5 43. Qe5 g6 44. Kf1 Bf8 (44... Bf6 45. Qd5+ Kf8 46. Qd6+ $18 {[%csl
Rb4,Rg6]}) 45. Ke1 Bg2 46. Qd5+ Kf6 47. Qd8+ Kf7 48. Qd7+ Kf6 49. Qc8 Kf7 50.
Ke2 {Because of the necessity of defending b4, the king cannot be denied
entrance to e3. Wegen der Schutzbedürftigkeit des Bb4 kann der König nicht am
Betreten von e3 gehindert werden.} Bf3+ 51. Ke3 Bh6+ 52. Kd4 Bg7+ 53. Kc5 Bc3 (
53... Bf8+ $142 54. Kb6 Be7 55. Kc7 Bg2 56. Qd7 Kf6 57. g4 hxg4 58. hxg4 Bf3
59. g5+ Kf7 60. Qd5+ Kf8 61. Qe6 Bxg5 62. Qxg6 Be7 (62... Bf4+ 63. Kd7 $18 {
[%cal Rd7e6,Rg6f5]}) 63. Kd7 $18) 54. Kd6 Kg7 55. Ke7 Bd4 56. Qf8+ {For this
mating attack with an unusual material imbalance, a Medal is awarded. Für
diesen Mattangriff bei ungewöhnlicher Materialverteilung gibt es eine Medaille.
} (56. Qf8+ Kh7 57. Kf7 g5 58. Qg8+ Kh6 59. Qg6#) 1-0

[Event "Bundesliga 0203"]
[Site "Germany"]
[Date "2003.01.11"]
[Round "8.2"]
[White "Sprenger, Jan Michael"]
[Black "Nisipeanu, Liviu Dieter"]
[Result "0-1"]
[WhiteElo "2430"]
[BlackElo "2613"]
[Annotator "Hecht,H"]
[PlyCount "132"]
[EventDate "2002.10.19"]
[EventType "team-tourn"]
[EventRounds "15"]
[EventCountry "GER"]
[SourceTitle "CBM 093"]
[Source "ChessBase"]
[SourceDate "2003.04.01"]
[SourceVersion "1"]
[SourceVersionDate "2003.04.01"]
[SourceQuality "1"]
[WhiteTeam "Godesberg"]
[BlackTeam "Kreuzberg"]
[WhiteTeamCountry "GER"]
[BlackTeamCountry "GER"]

1. d4 Nf6 2. c4 e6 3. g3 Bb4+ 4. Bd2 c5 5. Nf3 Qb6 6. Qb3 Nc6 7. Bxb4 Qxb4+ 8.
Nbd2 b6 9. Bg2 Bb7 10. O-O Qxb3 11. Nxb3 a5 12. Rfd1 a4 13. Nc1 Na5 14. b3 Ke7
15. e3 Rhc8 16. dxc5 bxc5 17. Nd2 Bxg2 18. Kxg2 Nc6 19. Ne2 Ra6 20. Nc3 axb3
21. axb3 Rca8 22. Rxa6 Rxa6 23. Na4 d6 24. Kf3 g5 25. h3 h5 26. Ke2 g4 27. hxg4
hxg4 28. Rh1 Ra8 29. Kd3 Ne5+ 30. Ke2 Nfd7 31. Rc1 Nc6 32. Rh1 Nde5 33. Rd1 Ra6
34. Rh1 Na5 35. Nc3 Nac6 36. Na4 Ra8 37. Rd1 Rb8 38. Ra1 Nf3 39. Ra3 Nce5 40.
Nc3 f5 41. Nd1 Rh8 42. Ra7+ Kf6 43. Ra6 Rh1 44. Nf1 Ng1+ 45. Kd2 Nef3+ 46. Kd3
Ke5 47. Nb2 Ng5 48. Nd1 Ne4 49. Ra5 Nf3 50. Ke2 Ned2 51. Nxd2 Re1+ 52. Kd3 Rxd1
53. Ra2 Rxd2+ 54. Rxd2 Nxd2 55. Kxd2 {[#] Raumvorteil und Bauernhebel für
Schwarz} Ke4 56. Ke2 d5 57. Kd2 $2 {Verpasst bereits das Remis!} (57. cxd5 $1
exd5 58. Kd2 c4 59. b4 Ke5 60. Kc3 Kd6 61. Kc2 Kc6 62. Kb2 Kb6 63. Ka2 $1 (63.
Kc2 Kb5 64. Kc3 Ka4 $19) 63... Kb5 64. Ka3 c3 65. Kb3 c2 66. Kxc2 Kxb4 67. Kd3
$11) (57. b4 $2 dxc4 (57... cxb4 58. c5 Ke5 59. Kd3 Kf6 60. Kc2 Ke7 61. Kb3 Kd7
62. Kxb4 Kc6 $19) 58. b5 Kd5 59. e4+ fxe4 60. Kd2 Kd6 61. Kc3 Kc7 62. Kxc4 Kb6
$19) 57... d4 $19 58. Ke2 dxe3 59. fxe3 e5 60. Kd2 f4 61. exf4 exf4 62. gxf4
Kxf4 63. Ke2 Ke4 64. Kf2 Kd4 65. Kg3 Kc3 66. Kxg4 Kxb3 0-1